| 000 | 00958nam a2200337 a 4500 | ||
|---|---|---|---|
| 001 | 0017355 | ||
| 003 | DO-SdBNP | ||
| 005 | 20241015115028.0 | ||
| 007 | 0017355 | ||
| 008 | 100323s 2002 sp a 000 spa | ||
| 020 | _a2746808145 | ||
| 040 |
_aBPMSM _bspa _cBPMSU |
||
| 049 | _a | ||
| 082 | 4 |
_a922.2 _bM477m 2002 _222 |
|
| 092 | _a | ||
| 100 | 1 |
_a Fino, Catherine _d |
|
| 245 | 1 | 0 |
_aMaría Mozzarello / _cCatherine Fino ; dibujos de Dominique Bach |
| 246 | 1 | 4 | _aPor los caminos del evangelio |
| 250 | _a | ||
| 260 |
_aMadrid : _bDu Signe, _c2002 |
||
| 300 |
_a69 p. : _bil. ; _c21 cm. |
||
| 490 | 0 | _aPor los caminos del evangelio | |
| 500 | _a | ||
| 590 | _aInventariado, 2024/VM | ||
| 600 | 1 | 4 |
_aMazarrello, María Domenica, _cBeata, _d1837-1881 |
| 650 | 4 | _aVida religiosa de mujeres. | |
| 650 | 4 | _aVida cotidiana | |
| 700 | 1 |
_aBach, Dominique, _eilustración |
|
| 910 | _a VMateo V. Control de calidad. BPMSU | ||
| 942 |
_2ddc _cBK |
||
| 999 |
_c9297 _d9297 |
||